Stations on JR Kobe Line, Japan - Statistics

General Stats
  • This quiz has been taken 47 times
  • The average score is 28 of 39
Answer Stats
No. Station % Correct
JR-A49 Amagasaki
100%
JR-A85 Himeji
100%
JR-A63 Kobe
100%
JR-A47 Osaka
97%
JR-A61 Sannomiya
97%
JR-A73 Akashi
90%
JR-A74 Nishi Akashi
90%
JR-A52 Nishinomiya
90%
JR-A48 Tsukamoto
90%
JR-A64 Hyogo
87%
JR-A62 Motomachi
87%
JR-A54 Ashiya
83%
JR-A79 Kakogawa
83%
JR-A60 Nada
80%
JR-A53 Sakura Shukugawa
80%
JR-A71 Maiko
77%
JR-A68 Suma
77%
JR-A78 Higashi-Kakogawa
70%
JR-A58 Rokkomichi
70%
JR-A55 Konan Yamate
67%
JR-A51 Koshienguchi
67%
JR-A59 Maya
67%
JR-A57 Sumiyoshi
67%
JR-A84 Higashi-Himeji
63%
JR-A70 Tarumi
63%
JR-A82 Himeji Bessho
60%
JR-A75 Okubo
60%
JR-A65 Shin-Nagata
60%
JR-A67 Suma-Kaihinkoen
60%
JR-A72 Asagiri
57%
JR-A56 Settsu-Motoyama
57%
JR-A50 Tachibana
57%
JR-A83 Gochaku
53%
JR-A69 Shioya
50%
JR-A66 Takatori
50%
JR-A77 Tsuchiyama
50%
JR-A80 Hoden
47%
JR-A81 Sone
47%
JR-A76 Uozumi
47%
No matching quizzes found
Score Distribution
Percent of People with Each Score
Percentile by Number Answered
Your Score History
You have not taken this quiz